000 00484nam a2200181Ia 4500
001 9304
005 20260306161708.0
008 260306t2011||||xx |||||||||||||| ||spa||
041 _aESP
082 _a378.1
_bC35
100 _aCastro Ceacero, Diego
_eAUT
245 0 _aLa gestión universitaria:
_buna aproximación a la dirección de centros y departamentos
260 _c2011
300 _a169 páginas :
_c23 cm.
650 _aGEN
654 _aCED
942 _cLIB
_dJUS
_fJUS
_2ddc
_n
999 _c9304
_d9304